| 000 | 00849nam0a22002531 4500 | ||
|---|---|---|---|
| 001 | rc\3754322 | ||
| 005 | 20130115155005.8 | ||
| 021 |
_aRU _bРг2202-75 |
||
| 021 |
_aRU _b74-99699 |
||
| 035 | _a(NLR Aleph) 007791902 | ||
| 090 |
_a7655162 _c7655162 |
||
| 100 | _a20130115d1974 |||y0rusy50 ca | ||
| 101 | 0 | _arus | |
| 102 | _aRU | ||
| 105 | _ay z ||||| | ||
| 200 | 1 |
_aСоветский патриотизм и патриотическое воспитание воинов _fРост. высш. воен. командное училище им. Гл. Маршала артиллерии Неделина М.И. |
|
| 210 |
_aРостов-на-Дону _cБ. и. _d1974 |
||
| 215 |
_a20 с. _d20 |
||
| 700 | 1 |
_aСуин _bВ. С. |
|
| 801 | 0 |
_aRU _bNLR _gpsbo |
|
| 801 | 1 |
_aRU _bELAR _2rusmarc |
|
| 852 |
_aNLR _j74-4/30589 |
||
| 942 | _cBOOK | ||
| 980 | _aNB | ||